00603cam a22002411 4500001001300000003000400013005001700017008004100034010001700075035002000092040001800112041001100130042001200141050002300153100001300176245002100189260001100210300002600221500005400247500001200301700003100313999001700344sa 68012490 DLC20260227112611.0900221s1968 ii 000 0 sano  asa 68012490  a(OCoLC)21104551 aDLCcWaUdDLC0 asanhin apremarc00aPK3791.B4bP3 19680 aBhāsa.10aPañcarātram. c[1968] a15, 141, 5 p.c19 cm. aHindi and Sanskrit; introductory matter in Hindi. aA play.0 aNigamanand,cSwami,d1915- c84550d84550